OMA/Rem Koolhaas, 1996/2007 : teoría y práctica = theory and practice /
| Další autoři: | , |
|---|---|
| Médium: | Kniha |
| Jazyk: | Multiple English Spanish |
| Vydáno: |
Madrid :
El Croquis,
c2007.
|
| Edice: | Croquis, 134/135
|
| Témata: | |
| Classic Catalogue: | View this record in Classic Catalogue |
| LEADER | 01573nam a2200325 a 4500 | ||
|---|---|---|---|
| 001 | 00026590 | ||
| 008 | 130309s2007 sp 000 0 mul d | ||
| 999 | |c 13216 |d 13216 | ||
| 020 | |a 9788488386441 | ||
| 022 | |a 0212-5633 | ||
| 040 | |a BD-DhAAL |c BD-DhAAL | ||
| 041 | |a eng |a spa | ||
| 082 | 0 | 0 | |a 720/.92 |2 23 |
| 245 | 1 | 0 | |a OMA/Rem Koolhaas, 1996/2007 : |b teoría y práctica = theory and practice / |c editors,Fernando Marquez Cecilia, Richard C Levene. |
| 246 | 2 | |a OMA AMO Rem Koolhaas [II] :1996-2007 :teoria y practica = theory and practice | |
| 260 | |a Madrid : |b El Croquis, |c c2007. | ||
| 300 | |a 389 p. : |b ill. (chiefly col.), plans, port. ; |c 34 cm. | ||
| 490 | 1 | |a Croquis, 134/135 | |
| 500 | |a "(By founding AMO) we divide the entire of field of architecture into two parts: one is actual building, mud, the huge effort of realizing a project; the other is virtual - everything related to concepts and 'pure' architectural thinking"--p. 5. | ||
| 526 | |a ARC | ||
| 541 | 1 | |e 00026590 | |
| 546 | |a Parallel text in English and Spanish. | ||
| 600 | 1 | 0 | |a Koolhaas, Rem |b Criticism and interpretation. |9 32443 |
| 650 | 0 | |a Architecture, Modern |y 20th century |9 32444 | |
| 700 | 1 | |a Cecilia, Fernando Marquez. |9 32445 | |
| 700 | 1 | |a Levene, Richard C. |9 32446 | |
| 830 | |a Croquis, 134/135 |9 32447 | ||
| 852 | 1 | |a Ayesha Abed Library |j General Shelf. | |
| 942 | 0 | 0 | |0 2 |2 ddc |c BK |
| 952 | |0 0 |1 0 |2 ddc |4 0 |6 720_920000000000000_OMA |7 0 |9 22002 |a BRACUL |b BRACUL |c GEN |d 2013-03-11 |e Essence Science and Publishers |g 11570.00 |l 13 |m 82 |o 720.92 OMA |p 3010026590 |r 2019-05-16 |s 2019-05-15 |t 1 |w 2013-03-11 |y BK | ||